000 00246nam a2200109 a 4500
008 111128s2006|||| d
100 1 _aBudzinski, T.
245 1 0 _aPodkarpacie
260 _bLibra
_aRzeszov
_c2006
020 _c150
044 _axo
_cSK
999 _c18344
_d18344